000 00393nam a2200145Ia 4500
008 230917s9999||||xx |||||||||||||| ||und||
040 _e60883
_aMAIN
041 _aEnglish
082 _a823.7 E44P:G
100 _aPinion, F B
245 2 _aA George Eliot companion: literary achievement and modern significance
260 _aLondon
_bMacmillan
_c1981
300 _axii, 277 p.
942 _cBK
999 _c225710
_d225710